000 00491nam a2200181Ia 4500
005 20250326124453.0
008 250326s9999 xx 000 0 und d
037 _aTextbook
040 _aFMSL
_beng
_cFMSL
041 _aeng
_2eng
084 _aX:77.44 K8
_qFMSL
100 _aEckaus R S
245 0 _aPlanning for growth
_cEckaus R S; Parikh K S
260 _aLondon
_bLondon, M I T Press
_c1968
300 _a208p
942 _cTB
_hX:77.44 K8
999 _c1273839
_d1273839